Academy Series 2020 quiz - Statistics

General Stats
  • This quiz has been taken 8 times
  • The average score is 20 of 32
Answer Stats
podiums driver % Correct
2 Darius Andrei
100%
3 Justin van der Smissen
100%
2 Marko Ferlic
100%
3 Owen McGaugie
100%
1 Rienk Hoekstra
100%
5 Szymon Frelik
100%
2 Tom Parker
100%
1 Dylan Platt
86%
3 Kevin Morville
86%
2 Massimiliano Ribolli
86%
1 Tom Vos
86%
1 Wopke Hoekstra
86%
1 George Whitehouse
71%
1 Joseph Fagg
71%
1 Caitlin Penny
57%
1 Damian Kardasz
57%
1 Damian Skowron
57%
1 Guilherme Tomiasi
57%
1 Thomas Jacobs
57%
1 Bart De Vos
43%
1 Ernests Lapins
43%
1 Jacob Reid
43%
1 Jakub Kalbarczyk
43%
1 Scott Sovik
43%
2 Wouter de Bruijn
43%
1 Danny Robbins
29%
1 John Bennett
29%
1 Josh Martin
29%
1 Kyran Parkin
29%
1 Lazaros Filippakos
29%
1 Patryk Witkowski
29%
2 Vadim Cheremukhin
29%
No matching quizzes found
Score Distribution
Percent of People with Each Score
Percentile by Number Answered
Your Score History
You have not taken this quiz